| 000 | 00968cam a2200253 4500 | ||
|---|---|---|---|
| 008 | 031009n2002 000 0 eng u | ||
| 020 | _a1860815871 | ||
| 035 | _a(Sirsi) u123894 | ||
| 041 | _aeng | ||
| 050 |
_a624.15 _c18 |
||
| 110 | _aBuilding Research Establishment | ||
| 245 | _aLow-rise building foundations on soft ground | ||
| 260 |
_aLondon _bCRC _c2002 |
||
| 300 |
_a12p. _c30cm. |
||
| 350 | _a10.50 | ||
| 490 |
_aBRE Digest _v471 |
||
| 520 | _aExplains how to best provide foundations for low-rise buildings on soft ground. Describes how to identify and investigate soft ground, outlines the difficulties likely to be encountered, and provides guidance about the different foundation options available. | ||
| 650 | _aBUILT ENVIRONMENT-BUILDING ELEMENTS-COMPLETE BUILDING ELEMENTS-FOUNDATIONS | ||
| 650 | _aLOW RISE BUILDINGS | ||
| 650 | _aFOUNDATION ENGINEERING | ||
| 650 | _aSITE INVESTIGATION | ||
| 690 | _aBUILT ENVIRONMENT | ||
| 942 | _n0 | ||
| 999 |
_c103110 _d103110 |
||